000 00710nam a22002177a 4500
003 OSt
005 20251125092715.0
008 251125b |||||||| |||| 00| 0 eng d
020 _a978-981-697-94-5.
040 _aDWCL-Admin lib
_cOC
082 _aCirc. 658.15 T619f 2011
100 _aTitman, Sheridan
245 _aFinancial management :
_b principles and applications /
_cSheridan Titman
260 _aSingapore :
_bPearson Education South Asia Pte Ltd. ,
_cc2011
300 _a xxiv ( various paging ) :
_b ill. ;
_c28 cm.
504 _aIncludes index.
650 _a1. Financial management
700 _aKeown, Arthur J.
700 _aMartin, John D.
942 _2ddc
_cBK-CIRC
_e11th ed.
_kCirc.
_n0
999 _c6172
_d6172